Members of the 1986 NBA champions Boston Celtics - Statistics

General Stats
  • This quiz has been taken 18 times
  • The average score is 8 of 13
Answer Stats
Hint Answer % Correct
5 Bill Walton|Walton
100%
44 Danny Ainge|Ainge
100%
32 Kevin McHale|McHale
100%
33 Larry Bird|Bird
100%
00 Robert Parish|Parish
94%
3 Dennis Johnson|Johnson
88%
35 Sly Williams|Williams
44%
12 Jerry Sichting|Sichting
31%
11 Sam Vincent|Vincent
31%
12 Scott Wedman|Wedman
31%
34 Rick Carlisle|Carlisle
25%
50 Greg Kite|Kite
19%
45 David Thitdkill|Thirdkill
13%
No matching quizzes found
Score Distribution
Percent of People with Each Score
Percentile by Number Answered
Your Score History
You have not taken this quiz